000 00426pab a2200157 454500
008 180718b1990 xxu||||| |||| 00| 0 eng d
100 _aLeyden, Kevin M.
245 _aParty contributions and party unity can loyality be brought
260 _c1990
300 _a343-65
362 _aJun.
650 _aPolitical Parties - U.S.A.
700 _aStephen A. Borrelli
773 _aWestern Political Quarterly
909 _a15618
999 _c15618
_d15618